The scholar-adventurer : a tribute to John D. Gordan (1907-1968) on the eightieth anniversary of his birth : with six of his essays.

Bibliographic Details
Main Author: Gordan, John Dozier, 1907-1968
Format: Book
Language:English
Published: New York : New York Public Library : 1987.
Subjects:

MARC

Tag First Indicator Second Indicator Subfields
LEADER 00000cam a2200000 a 4500
001 in00001756830
005 20151025061804.0
008 870915s1987 nyuc l000 0 eng
010 |a  87018136  
020 |a 0871042940 (pbk.) 
035 |a (OCoLC)ocm16805327 
040 |a DLC  |c DLC  |d TXA  |d UtOrBLW 
043 |a e-uk---  |a n-us---  |a n-us-ny 
049 |a TXAM 
050 0 0 |a Z720.G66  |b A3 1987 
082 0 0 |a 020/.92/4  |a B  |2 19 
100 1 |a Gordan, John Dozier,  |d 1907-1968. 
245 1 4 |a The scholar-adventurer :  |b a tribute to John D. Gordan (1907-1968) on the eightieth anniversary of his birth : with six of his essays. 
264 1 |a New York :  |b New York Public Library :  |c 1987. 
264 2 |a New York :  |b Distributed by the Pub. Center for Cultural Resources, 
300 |a xxvi, 132 pages :  |b portrait ;  |c 23 cm. 
336 |a text  |b txt  |2 rdacontent 
337 |a unmediated  |b n  |2 rdamedia 
338 |a volume  |b nc  |2 rdacarrier 
536 |a From the library of Harrison T. Meserole, 2002. 
600 1 0 |a Gordan, John Dozier,  |d 1907-1968. 
650 0 |a Librarians  |z United States  |v Biography. 
610 2 0 |a Berg Collection. 
650 0 |a English literature  |v Bibliography. 
650 0 |a American literature  |v Bibliography. 
948 |a cataloged  |b h  |c 2003/5/19  |d c  |e jgreene  |f 2:30:01 pm 
994 |a E0  |b TXA 
999 |a MARS 
999 f f |s 003ce4fb-ee99-34c2-b8ed-35be70ccb123  |i 0a93a5f6-9948-31c5-816f-84f5f952c7df  |t 0 
952 f f |p ric  |a Texas A&M University  |b Rellis Campus  |c Joint Library Facility  |d Remote Storage  |t 0  |e Z720.G66 A3 1987  |h Library of Congress classification  |i unmediated -- volume  |m A14830222566 
998 f f |a Z720.G66 A3 1987  |t 0  |l Remote Storage